Statistics for Fill the Royal Arms with Scottish Monarchs

Click here to take the quiz!

General Stats

  • This quiz has been taken 239 times
  • The average score is 31 of 49

Answers on the Map

Answers color-coded by a green-red scale on the quiz's map according to % correct below.
 

Answer Stats

ReignMonarch% Correct
1406–1437James I
97%
1437–1460James II
97%
1460–1488James III
97%
1488–1513James IV
97%
1513–1542James V
97%
1567–1625James VI
97%
1685–1688James VII
97%
1542–1567Mary I
95%
1689–16944Mary II
95%
1306–1329Robert I
92%
1371–1390Robert II
90%
1390–1406Robert III
90%
1165–1214William I
90%
1689–1702William II
90%
1625–1649Charles I
82%
1649–1651Charles II
82%
1702–17145Anne
79%
1040–1057Macbeth
71%
1292–1296John Balliol
70%
1034–1040Duncan I
65%
10943Duncan II
65%
1107–1124Alexander I
58%
1214–1249Alexander II
58%
1249–1286Alexander III
58%
1124–1153David I
58%
1329–1371David II
58%
858–862Donald I
58%
889–900Donald II
58%
1093–1097Donald III
58%
943–954Malcolm I
58%
1005–1034Malcolm II
58%
1058–1093Malcolm III
58%
1153–1165Malcolm IV
58%
843/848–8581Kenneth I MacAlpin
57%
971–995Kenneth II
53%
997–1005Kenneth III
53%
1286–1290Margaret
49%
900–943Constantine II
38%
995–997Constantine III
38%
862–877
Constantine I
38%
1097–1107Edgar
29%
1057–1058Lulach
27%
877–878Áed
25%
878–889Giric
24%
962–967Dub
23%
878–c.889Eochaid
21%
954–962Indulf
21%
971/976–9772Amlaíb
20%
967–971Cuilén
19%

Score Distribution

Percentile by Number Answered

Percent of People with Each Score

Your Score History

You have not taken this quiz